The 100 - Personnages (Picture quiz) pour les Fans de la série - Statistiques

Statistiques générales
  • Ce quiz a été pris 674 fois
    594 depuis la dernière actualisation
  • Le résultat moyen est 32 sur 64
Statistiques - réponses
Par images Réponse % Correct
Octavia Blake
93%
John Murphy
92%
Lexa
91%
Clarke Griffin
89%
Echo/Ash
87%
Bellamy Blake
83%
Raven Reyes
83%
Lincoln
82%
Jasper Jordan
81%
Monty Green
79%
Abigail Griffin
78%
Madi
76%
Marcus Kane
76%
Finn Collins
75%
Thelonious Jaha
73%
Gaia
71%
Indra
71%
Maya Vie
70%
Emori
68%
Luna
68%
Roan
68%
Harper McIntyre
65%
Gabriel Santiago
62%
A.L.I.E.
61%
Josephine Lightbourne I
60%
Charles Pike
59%
Titus
59%
Nathan Miller
58%
Jordan Green
57%
Hope Diyoza
56%
Wells Jaha
56%
Eric Jackson
54%
Ontari
54%
Anya
53%
Russel Lightbourne
50%
Cage Wallace
45%
Charmaine Diyoza
45%
David Miller
42%
Miles Shaw
40%
Niylah
40%
Dante Wallace
39%
Hannah Green
37%
Ilian
37%
Jacapo Sinclair
37%
Aden
34%
Nyko
34%
Paxton McCreary
33%
Carl Emerson
32%
Zoe Monroe
27%
Bill Cadogan "Le Grand Berger"
26%
Kyle Wick
22%
Diana Sydney
21%
Levitt
20%
Gustus
18%
Michael Vinson
13%
Kara Cooper
12%
Jade
11%
Nikki
11%
Lorelei Tsing
10%
Anders
8%
Nelson
8%
Byrne
7%
Connor
7%
Shumway
7%
Aucun quiz correspondant
Distribution des résultats
% des personnes avec chaque résultat
Percentile par nombre de réponses
Votre historique - résultats
Vous n’avez pas pris ce quiz depuis la dernière actualisation